ბათუმის შოთა რუსთაველის სახელმწიფო უნივერსიტეტის ბიბლიოთეკა

Установка селективной очистки масел френолом(Памятка оператору). (ბიბ.ჩანაწერი № 47693)

000 -LEADER
fixed length control field 00691nam a2200217Ia 4500
001 - CONTROL NUMBER
control field 14562
003 - CONTROL NUMBER IDENTIFIER
control field GE_BSU
008 - FIXED-LENGTH DATA ELEMENTS--GENERAL INFORMATION
fixed length control field 181216s||||||||xx |||||||||||||| ||und||
040 ## - CATALOGING SOURCE
Transcribing agency GE_BSU
080 ## - UNIVERSAL DECIMAL CLASSIFICATION NUMBER
Universal Decimal Classification number 665.637
100 ## - MAIN ENTRY--PERSONAL NAME
Personal name Русановский,Е.С.
245 ## - TITLE STATEMENT
Title Установка селективной очистки масел френолом(Памятка оператору).
245 ## - TITLE STATEMENT
Statement of responsibility, etc. Ред. И.А.Захарьянц.
260 ## - PUBLICATION, DISTRIBUTION, ETC.
Place of publication, distribution, etc. М.
260 ## - PUBLICATION, DISTRIBUTION, ETC.
Name of publisher, distributor, etc. Химия.
260 ## - PUBLICATION, DISTRIBUTION, ETC.
Date of publication, distribution, etc. 1976.
300 ## - PHYSICAL DESCRIPTION
Extent 96 стр. 17 см.
300 ## - PHYSICAL DESCRIPTION
Accompanying material 5 табл. 17 рис.
653 ## - INDEX TERM--UNCONTROLLED
Uncontrolled term Установка селективной очистки масел френолом.
942 ## - ADDED ENTRY ELEMENTS (KOHA)
Koha item type წიგნი

არაა ხელმისაწვდომი ეგზემპლარები.